| 000 | 00872nam a22002057a 4500 | ||
|---|---|---|---|
| 020 | _a9789694743066 | ||
| 082 |
_a294.5 _bGHA |
||
| 100 | _aGhalib, Mirza Asadullah Khan | ||
| 245 |
_aGhalib aur Ghamgeen ke Farsi maktubat / _cParto Rohaila |
||
| 260 |
_aIslamabad: _bMuqtadira Qaumi Zaban, _c2012. |
||
| 300 | _a157 pages. | ||
| 504 | _aاردو ترجمے کے ساتھ فارسی متن اور توضیحات شامل ہیں | ||
| 563 | _aHB | ||
| 650 | _aUrdu literature | ||
| 650 |
_aPersian letters _9129736 |
||
| 880 |
_6100-01\(3\r _aغالب اور غمگین کے فارسی مکتوبات _bاردو ترجمے، فارسی متن اور توضیحات کے ساتھ |
||
| 880 |
_6100-02\(3\r _aمترجم و مرتب: پرتو روہیلا |
||
| 880 |
_6100-03\(3\r _aاسلام آباد _bمقتدرہ قومی زبان _c2012۔ |
||
| 942 |
_2ddc _cBK |
||
| 999 |
_c614287 _d614287 |
||